000 00344nam a2200133Ia 4500
008 231129s1972||||xx |||||||||||||| ||spa||
040 _bspa
082 _a863 G216r
100 _aGarcí­a Pavón Francisco
245 0 _aEl rapto de las sabinas
260 _c1972
264 _aBarcelona España : Cí­rculo de Lectores
942 _2ddc
_cBKS
999 _c12262
_d12262